000 00461nam a2200157Ia 4500
008 220214s9999 xx 000 0 und d
022 _a0007-1536
245 0 _aTRANSACTIONS OF THE BRITISH MYCOLOGICAL SOCIETY
246 _aMycological Research
260 _bCambridge University Press, London
_aUK
310 _a8/y
500 _aEnding Volume & Year: 89, 1987
500 _aMissing Volume: 68(1)
500 _aStarting Volume & Year: 52, 1969
942 _cBJ
999 _c5311
_d5311